[Event "Tournoi francophone 012 Groupe B"]
[Site "Skype"]
[Date "????.??.??"]
[Round "1.1"]
[White "Gerbaux, Regis"]
[Black "Marino, Giuseppe"]
[Result "1-0"]
[WhiteElo "1361"]
[BlackElo "1503"]
[PlyCount "33"]

1. d4 b6 2. Bf4 Bb7 3. e3 e6 4. Bd3 g6 5. Nc3 Bxg2 6. Be4 Bxh1 7. Bxh1 c6 8.
Qf3 Bg7 9. O-O-O Ne7 10. Nh3 h6 11. Qg4 a6 12. Be4 f6 13. Bxg6+ Nxg6 14. Qxg6+
Kf8 15. Bd6+ Kg8 16. Rg1 a5 17. Qxg7# 1-0

[Event "Tournoi francophone 012 Groupe B"]
[Site "Skype"]
[Date "????.??.??"]
[Round "1.2"]
[White "L'Herbon De Lussats, Jean"]
[Black "Thoune, Jim"]
[Result "0-1"]
[WhiteElo "1444"]
[BlackElo "1553"]
[PlyCount "96"]

1. e4 c6 2. d4 d5 3. e5 Bf5 4. Bd3 Bg6 5. Nf3 e6 6. Bxg6 hxg6 7. Nc3 Nh6 8. h3
Be7 9. Ne2 Nf5 10. c3 Nh4 11. Nf4 g5 12. Nxh4 gxf4 13. Nf3 g5 14. Nh2 Nd7 15.
Ng4 Qc7 16. Qf3 O-O-O 17. g3 f5 18. exf6 Bd6 19. gxf4 gxf4 20. Bd2 e5 21. O-O-O
e4 22. Qg2 Rdg8 23. Qf1 Rf8 24. f3 e3 25. Be1 Nxf6 26. Ne5 Bxe5 27. dxe5 Qxe5
28. h4 Nh5 29. Qh3+ Kb8 30. Qd7 Rhg8 31. c4 Rg7 32. Qh3 Qe8 33. cxd5 Ng3 34.
Bc3 Ne2+ 35. Kb1 Qg6+ 36. Ka1 Nxc3 37. bxc3 cxd5 38. Rxd5 Qf6 39. Rd4 Re8 40.
h5 e2 41. Re1 Qc6 42. Kb2 Rc7 43. c4 Qb6+ 44. Kc3 Re3+ 45. Rd3 Qa5+ 46. Kb2
Rxd3 47. Rxe2 Qc3+ 48. Kb1 Rd1# 0-1

[Event "Tournoi francophone 012 Groupe B"]
[Site "Skype"]
[Date "????.??.??"]
[Round "1.3"]
[White "Harmelle, Dominique"]
[Black "Khabou, Taha"]
[Result "0-1"]
[WhiteElo "1507"]
[BlackElo "1676"]
[PlyCount "66"]

1. d4 Nf6 2. Bf4 c5 3. e3 d5 4. c3 e6 5. Bd3 Nc6 6. Nd2 b6 7. Ngf3 Be7 8. h4
Nh5 9. Be5 Nf6 10. Bxf6 Bxf6 11. g4 c4 12. Bc2 g6 13. h5 e5 14. hxg6 hxg6 15.
Rxh8+ Bxh8 16. Ba4 Bd7 17. Bxc6 Bxc6 18. Ke2 e4 19. Ne5 Bxe5 20. dxe5 Qg5 21.
Qg1 Qxe5 22. f4 exf3+ 23. Nxf3 Qe4 24. Rd1 O-O-O 25. Rd4 Qc2+ 26. Rd2 Qe4 27.
Rd4 Qe7 28. Qg3 Re8 29. e4 dxe4 30. Nd2 b5 31. a4 a6 32. g5 Qe5 33. axb5 Qxg3
0-1

[Event "Tournoi francophone 012 Groupe B"]
[Site "Skype"]
[Date "????.??.??"]
[Round "1.4"]
[White "Guillaume, Mickael"]
[Black "Sauvaget, Joel"]
[Result "1/2-1/2"]
[WhiteElo "1637"]
[BlackElo "1465"]
[PlyCount "81"]

1. e4 e5 2. Nf3 d6 3. Bc4 h6 4. O-O Nf6 5. Nc3 Be7 6. d4 exd4 7. Nxd4 O-O 8. f3
Nbd7 9. Bf4 Nh5 10. Qd2 Nxf4 11. Qxf4 Nf6 12. Qh4 Nh7 13. Qe1 Nf6 14. h3 Nh5
15. Nce2 Bh4 16. Qd2 Ng3 17. Nxg3 Bxg3 18. Ne2 Bh4 19. Kh2 Kh8 20. Rad1 f5 21.
e5 dxe5 22. Qxd8 Rxd8 23. Rxd8+ Bxd8 24. Rd1 Bf6 25. Ng3 f4 26. Nh5 Bg5 27. Rd5
g6 28. Nxf4 exf4 29. g3 fxg3+ 30. Kxg3 Be6 31. Rc5 c6 32. Bxe6 Kg7 33. f4 Bf6
34. c3 g5 35. fxg5 hxg5 36. Rc4 Rd8 37. Bg4 Rd3+ 38. Bf3 Be5+ 39. Kg4 Rd2 40.
Re4 Kf6 41. h4 1/2-1/2

[Event "Tournoi francophone 012 Groupe B"]
[Site "Skype"]
[Date "????.??.??"]
[Round "1.5"]
[White "Trivedi, Viral"]
[Black "Duthoit, Bernard"]
[Result "1/2-1/2"]
[WhiteElo "1515"]
[BlackElo "1344"]
[PlyCount "41"]

1. d4 e5 2. dxe5 Nc6 3. Nf3 Qe7 4. Nc3 Nxe5 5. Nxe5 Qxe5 6. e4 Bb4 7. Bd2 Bxc3
8. Bxc3 Qxe4+ 9. Qe2 Qxe2+ 10. Bxe2 Ne7 11. O-O O-O 12. Rfe1 d6 13. h3 Be6 14.
Bf3 Rab8 15. Bd4 b6 16. Rad1 c5 17. Bc3 d5 18. Be5 Rbd8 19. Bg3 Nc6 20. c3 Na5
21. b3 1/2-1/2

[Event "Tournoi francophone 012 Groupe B"]
[Site "Skype"]
[Date "????.??.??"]
[Round "2.1"]
[White "Marino, Giuseppe"]
[Black "Duthoit, Bernard"]
[Result "1-0"]
[WhiteElo "1503"]
[BlackElo "1344"]
[PlyCount "29"]

1. d4 d5 2. e3 e6 3. Nf3 c5 4. c3 Nf6 5. Bd3 Nc6 6. O-O cxd4 7. exd4 a6 8. Re1
b5 9. Bf4 Bd6 10. Bxd6 Qxd6 11. Ne5 O-O 12. Nd2 Qc7 13. a3 Nd7 14. Qh5 Ndxe5
15. Qxh7# 1-0

[Event "Tournoi francophone 012 Groupe B"]
[Site "Skype"]
[Date "????.??.??"]
[Round "2.2"]
[White "Sauvaget, Joel"]
[Black "Trivedi, Viral"]
[Result "1/2-1/2"]
[WhiteElo "1465"]
[BlackElo "1515"]
[PlyCount "24"]

1. d4 e6 2. c4 f5 3. Nf3 Nf6 4. Nc3 d5 5. e3 c6 6. Bd3 Bd6 7. h3 O-O 8. O-O Bd7
9. b3 Be8 10. Bb2 Nbd7 11. Qc2 Ne4 12. Ne2 Ndf6 1/2-1/2

[Event "Tournoi francophone 012 Groupe B"]
[Site "Skype"]
[Date "????.??.??"]
[Round "2.3"]
[White "Khabou, Taha"]
[Black "Guillaume, Mickael"]
[Result "1-0"]
[WhiteElo "1676"]
[BlackElo "1637"]
[PlyCount "63"]

1. e4 e5 2. f4 exf4 3. Nf3 d6 4. d4 g5 5. Bc4 h6 6. g3 Bg7 7. O-O g4 8. Nh4 Nc6
9. Bxf4 Bxd4+ 10. Kg2 Qe7 11. Nd2 Bxb2 12. Rb1 Bc3 13. Bxd6 cxd6 14. Bxf7+ Qxf7
15. Rxf7 Kxf7 16. Nc4 Be5 17. Nxd6+ Bxd6 18. Qxd6 Nge7 19. Rf1+ Ke8 20. Ng6 Rg8
21. Nf4 Rf8 22. Qxh6 Ne5 23. Qh5+ Nf7 24. Nd5 Nxd5 25. exd5 b6 26. Re1+ Kd8 27.
Qh4+ Kc7 28. Re7+ Kd6 29. Qf6+ Kxd5 30. c4+ Kxc4 31. Qc6+ Kd3 32. Qxa8 1-0

[Event "Tournoi francophone 012 Groupe B"]
[Site "Skype"]
[Date "????.??.??"]
[Round "2.4"]
[White "Thoune, Jim"]
[Black "Harmelle, Dominique"]
[Result "1-0"]
[WhiteElo "1553"]
[BlackElo "1568"]
[PlyCount "51"]

1. d4 d5 2. c4 c6 3. e3 Nf6 4. Nf3 Bf5 5. Nc3 dxc4 6. Bxc4 e6 7. O-O Bb4 8. Bd2
Bxc3 9. Bxc3 O-O 10. Rc1 Nbd7 11. a3 a5 12. Ba2 Ne4 13. Be1 Rc8 14. Nd2 b5 15.
f3 Nxd2 16. Qxd2 Qb6 17. e4 Bg6 18. Bf2 Qa6 19. g4 Rfd8 20. Qe2 Nb6 21. f4 h6
22. f5 exf5 23. exf5 Bh7 24. Rfe1 Re8 25. Qxe8+ Rxe8 26. Rxe8# 1-0

[Event "Tournoi francophone 012 Groupe B"]
[Site "Skype"]
[Date "????.??.??"]
[Round "2.5"]
[White "Gerbaux, Regis"]
[Black "L'Herbon De Lussats, Jean"]
[Result "0-1"]
[WhiteElo "1361"]
[BlackElo "1444"]
[PlyCount "88"]

1. d4 Nf6 2. Bf4 g6 3. Nf3 Bg7 4. e3 d6 5. Bd3 b6 6. Nbd2 Nd5 7. Bg5 c5 8. c3
O-O 9. Be4 Bb7 10. c4 Nxe3 11. fxe3 Bxe4 12. Nxe4 f6 13. Bh4 Qc7 14. Bg3 Nc6
15. dxc5 bxc5 16. Nxc5 Ne5 17. Qd5+ Kh8 18. Ne6 Qc8 19. Nxf8 Bxf8 20. Rc1 Ng4
21. Qd3 e5 22. O-O f5 23. h3 e4 24. Qd4+ Bg7 25. Qxd6 Nxe3 26. Rfe1 Nxc4 27.
Qd5 exf3 28. Rxc4 Qf8 29. gxf3 Rd8 30. Qc5 Qf7 31. Qc7 Qf6 32. Re7 Rd1+ 33. Re1
Rd2 34. Be5 Qg5+ 35. Bg3 h5 36. h4 Qf6 37. Re7 Rd1+ 38. Re1 Rd2 39. Rc6 Qxb2
40. Rxg6 Rg2+ 41. Kf1 Kh7 42. Rxg7+ Qxg7 43. Re7 Rxg3 44. Qxg3 Qxe7 0-1

[Event "Tournoi francophone 012 Groupe B"]
[Site "Skype"]
[Date "????.??.??"]
[Round "3.1"]
[White "L'Herbon De Lussats, Jean"]
[Black "Marino, Giuseppe"]
[Result "0-1"]
[WhiteElo "1413"]
[BlackElo "1465"]
[PlyCount "71"]

1. e4 b6 2. d4 Bb7 3. d5 a6 4. c4 d6 5. Nc3 g6 6. Nge2 Bg7 7. Ng3 Nd7 8. Be2
Rc8 9. Be3 c6 10. Bd4 Bxd4 11. Qxd4 Ngf6 12. O-O O-O 13. Qe3 cxd5 14. cxd5 Kg7
15. Qg5 e6 16. Rfd1 Rc7 17. f4 h6 18. Qh4 Nh7 19. e5 Qxh4 20. exd6 Rc5 21. Bf3
Qxf4 22. Bh5 Qe3+ 23. Kh1 gxh5 24. Re1 Qg5 25. Re2 Bxd5 26. Rae1 Nhf6 27. Nxd5
Rxd5 28. Ne4 Nxe4 29. Rxe4 Rxd6 30. h3 Kh7 31. Rf1 Rd2 32. g4 Qd5 33. Rfe1 Nf6
34. R1e2 Nxe4 35. Kh2 Rxe2+ 36. Kg1 0-1

[Event "Tournoi francophone 012 Groupe B"]
[Site "Skype"]
[Date "????.??.??"]
[Round "3.2"]
[White "Harmelle, Dominique"]
[Black "Gerbaux, Regis"]
[Result "1-0"]
[WhiteElo "1507"]
[BlackElo "1334"]
[PlyCount "45"]

1. d4 d5 2. Bf4 f5 3. e3 e6 4. Qh5+ g6 5. Qh3 Nf6 6. Nd2 Ne4 7. Nxe4 dxe4 8.
Be5 Rg8 9. Qxh7 Bb4+ 10. c3 Rf8 11. Qxg6+ Rf7 12. cxb4 Qe7 13. a3 Nd7 14. Bxc7
Nf8 15. Qg3 Qxc7 16. Bb5+ Nd7 17. Qxc7 Kf8 18. Bxd7 Rxd7 19. Qe5 Rf7 20. Ne2
Ke7 21. Rc1 f4 22. Rc7+ Bd7 23. Nxf4 1-0

[Event "Tournoi francophone 012 Groupe B"]
[Site "Skype"]
[Date "????.??.??"]
[Round "3.3"]
[White "Guillaume, Mickael"]
[Black "Thoune, Jim"]
[Result "1-0"]
[WhiteElo "1637"]
[BlackElo "1589"]
[PlyCount "69"]

1. f4 e5 2. e4 exf4 3. Qg4 Nf6 4. Qxf4 Bd6 5. e5 Nh5 6. Qf3 Qh4+ 7. g3 Qe7 8.
Qxh5 Bxe5 9. Ne2 Nc6 10. Bg2 Nd4 11. Nxd4 Bxd4+ 12. Qe2 Qxe2+ 13. Kxe2 O-O 14.
Nc3 Re8+ 15. Kd3 Bb6 16. Nd5 d6 17. Rf1 Bg4 18. Nxb6 axb6 19. Rf4 Be2+ 20. Kc3
b5 21. Bxb7 Ra4 22. Rxa4 bxa4 23. Bc6 Re5 24. Bxa4 Rh5 25. d4 Rxh2 26. Bc6 Rh3
27. Bf4 g5 28. Bd7 g4 29. a4 h5 30. a5 Ba6 31. Bf5 Kg7 32. Bd3 Bb7 33. b4 Rh2
34. b5 Kf6 35. b6 1-0

[Event "Tournoi francophone 012 Groupe B"]
[Site "Skype"]
[Date "????.??.??"]
[Round "3.4"]
[White "Trivedi, Viral"]
[Black "Khabou, Taha"]
[Result "1/2-1/2"]
[WhiteElo "1535"]
[BlackElo "1875"]
[PlyCount "37"]

1. d4 e6 2. Bf4 d5 3. e3 c5 4. c3 Nc6 5. Nd2 Nf6 6. Bd3 Be7 7. Rc1 c4 8. Bb1 b5
9. a3 Bb7 10. Ngf3 h6 11. h3 a5 12. O-O b4 13. axb4 axb4 14. Re1 Na5 15. Ne5
bxc3 16. bxc3 Ne4 17. Bxe4 dxe4 18. Qa4+ Kf8 19. Ndxc4 1/2-1/2

[Event "Tournoi francophone 012 Groupe B"]
[Site "Skype"]
[Date "????.??.??"]
[Round "3.5"]
[White "Duthoit, Bernard"]
[Black "Sauvaget, Joel"]
[Result "0-1"]
[WhiteElo "1334"]
[BlackElo "1467"]
[PlyCount "54"]

1. e4 e5 2. Nf3 d6 3. d4 exd4 4. Nxd4 Nf6 5. Nc3 Be7 6. Bd3 Bd7 7. O-O Nc6 8.
Nf3 O-O 9. Re1 h6 10. Nd5 Nxd5 11. exd5 Re8 12. dxc6 Bxc6 13. c4 Bf6 14. Rxe8+
Qxe8 15. Qe1 Qd7 16. Rb1 Re8 17. Qd2 Bxf3 18. gxf3 Be5 19. Bf1 Qf5 20. Ra1 Qxf3
21. Bg2 Qh5 22. h3 Qg6 23. a4 Qf6 24. Ra3 c5 25. Re3 Rd8 26. Rf3 Qe7 27. Qxd6
Qxd6 0-1

[Event "Tournoi francophone 012 Groupe B"]
[Site "Skype"]
[Date "????.??.??"]
[Round "4.1"]
[White "Marino, Giuseppe"]
[Black "Sauvaget, Joel"]
[Result "1-0"]
[WhiteElo "1465"]
[BlackElo "1467"]
[PlyCount "51"]

1. c4 c6 2. Nf3 Nf6 3. g3 e6 4. Bg2 d5 5. cxd5 exd5 6. O-O Be7 7. d3 O-O 8. b3
Be6 9. Nbd2 Na6 10. Bb2 Nc7 11. Rc1 Bd7 12. e4 dxe4 13. dxe4 Bg4 14. Qc2 Rc8
15. Rfd1 Ne6 16. Nc4 Rc7 17. Rxd8 Rxd8 18. Rd1 Rcd7 19. Rxd7 Rxd7 20. Nce5 Rd8
21. Nxg4 Nxg4 22. Bh3 Nf6 23. Bxe6 fxe6 24. Ng5 Re8 25. e5 Nd5 26. Qxh7+ 1-0

[Event "Tournoi francophone 012 Groupe B"]
[Site "Skype"]
[Date "????.??.??"]
[Round "4.2"]
[White "Khabou, Taha"]
[Black "Duthoit, Bernard"]
[Result "1-0"]
[WhiteElo "1875"]
[BlackElo "1334"]
[PlyCount "37"]

1. d4 e5 2. dxe5 Nc6 3. Nf3 Qe7 4. Bg5 f6 5. exf6 Nxf6 6. a3 d6 7. Nc3 Be6 8.
e3 O-O-O 9. Nd4 Qf7 10. Nxc6 bxc6 11. Ba6+ Kd7 12. Qd4 Be7 13. O-O h6 14. Bf4
c5 15. Qa4+ c6 16. Bb7 Bd5 17. e4 Nxe4 18. Nxd5 Qxd5 19. Rad1 1-0

[Event "Tournoi francophone 012 Groupe B"]
[Site "Skype"]
[Date "????.??.??"]
[Round "4.3"]
[White "Thoune, Jim"]
[Black "Trivedi, Viral"]
[Result "1-0"]
[WhiteElo "1589"]
[BlackElo "1535"]
[PlyCount "60"]

1. Nf3 e6 2. c4 Nf6 3. d4 b6 4. Nc3 Bb7 5. Bg5 Be7 6. Qc2 d5 7. e3 h6 8. Bf4
Nbd7 9. cxd5 Nxd5 10. Nxd5 Bxd5 11. Qxc7 O-O 12. Qxd8 Rfxd8 13. a3 Rac8 14. Bd3
Bxf3 15. gxf3 Nf6 16. Rg1 Kf8 17. Be5 Rc6 18. Kd2 Nh5 19. Bb5 Rcc8 20. Rac1
Rxc1 21. Rxc1 f6 22. Bg3 Nxg3 23. fxg3 e5 24. Kd3 exd4 25. exd4 Bc5 26. Rc4 Rd5
27. Bc6 Rd6 28. Be4 Rd8 29. b4 Bd6 30. f4 Bc7 1-0

[Event "Tournoi francophone 012 Groupe B"]
[Site "Skype"]
[Date "????.??.??"]
[Round "4.4"]
[White "Gerbaux, Regis"]
[Black "Guillaume, Mickael"]
[Result "1-0"]
[WhiteElo "1334"]
[BlackElo "1637"]
[PlyCount "103"]

1. d4 e6 2. Bf4 c5 3. c3 Nc6 4. e3 Nf6 5. Nd2 cxd4 6. exd4 Be7 7. Ngf3 O-O 8.
Bd3 Nd5 9. Bg3 f5 10. Ne5 f4 11. Bxh7+ Kxh7 12. Qh5+ Kg8 13. Ng6 fxg3 14. hxg3
Rf5 15. Qh7+ Kf7 16. Nh8+ Kf8 17. Qg6 Qe8 18. Nf7 Bh4 19. Rxh4 Qxf7 20. Rh8+
Ke7 21. Qg4 Rxf2 22. O-O-O Ne3 23. Qg5+ Qf6 24. Qxe3 d6 25. Ne4 Qf7 26. Qxf2
Qxf2 27. Nxf2 Na5 28. Ne4 d5 29. Ng5 Kf6 30. Nh7+ Ke7 31. Rf1 Nc4 32. Rg8 Ne3
33. Rxg7+ Kd6 34. Rf8 Nf5 35. Rd8+ Kc6 36. Rgg8 Kc7 37. Nf6 Ne3 38. Rd7+ Bxd7
39. Rxa8 Bb5 40. Rxa7 Bf1 41. g4 Kb6 42. Ra8 Nxg2 43. Re8 Nf4 44. Nh5 Bb5 45.
Re7 Nd3+ 46. Kc2 Ne1+ 47. Kd2 Nf3+ 48. Ke3 Ng5 49. Kf4 Nh3+ 50. Ke5 Ng5 51. Rg7
Ne4 52. Kxe6 1-0

[Event "Tournoi francophone 012 Groupe B"]
[Site "Skype"]
[Date "????.??.??"]
[Round "4.5"]
[White "L'Herbon De Lussats, Jean"]
[Black "Harmelle, Dominique"]
[Result "0-1"]
[WhiteElo "1413"]
[BlackElo "1507"]
[PlyCount "42"]

1. e4 c5 2. Nf3 Nc6 3. c3 e6 4. d4 cxd4 5. cxd4 Bb4+ 6. Nc3 d5 7. e5 Nge7 8. a3
Bxc3+ 9. bxc3 a6 10. Be2 O-O 11. O-O b5 12. Qc2 Bd7 13. Ne1 Rc8 14. Nd3 Nxd4
15. Be3 Nxc2 16. Ra2 Nxe3 17. fxe3 Qb6 18. Rf3 Nf5 19. Kh1 Nxe3 20. Nf4 Rxc3
21. Rg3 Rc1+ 0-1

[Event "Tournoi francophone 012 Groupe B"]
[Site "Skype"]
[Date "????.??.??"]
[Round "5.1"]
[White "Harmelle, Dominique"]
[Black "Marino, Giuseppe"]
[Result "1/2-1/2"]
[WhiteElo "1507"]
[BlackElo "1465"]
[PlyCount "80"]

1. d4 b6 2. Bf4 Bb7 3. e3 d6 4. Nd2 g6 5. Ngf3 a6 6. Be2 Bg7 7. c3 Nd7 8. Qb3
h6 9. e4 e6 10. Rd1 Ne7 11. e5 d5 12. Rc1 c5 13. a3 c4 14. Qa2 b5 15. b3 Nb6
16. bxc4 Nxc4 17. Nb3 Rb8 18. Nc5 O-O 19. O-O Kh7 20. Bd3 Qc7 21. Bg3 Nf5 22.
Bf4 Rfd8 23. g4 Ne7 24. h4 Kg8 25. Kh2 Nc6 26. Rg1 Qe7 27. g5 h5 28. Ra1 Bc8
29. Qb1 N4xe5 30. Nxe5 Bxe5 31. Bxe5 Nxe5 32. dxe5 Qxc5 33. Qc2 Kg7 34. Qe2 Bd7
35. Rgc1 Rbc8 36. Qd2 Qb6 37. Kg3 Rc5 38. Qf4 Kg8 39. Rab1 Rdc8 40. Qd4 Qc6
1/2-1/2

[Event "Tournoi francophone 012 Groupe B"]
[Site "Skype"]
[Date "????.??.??"]
[Round "5.2"]
[White "Guillaume, Mickael"]
[Black "L'Herbon De Lussats, Jean"]
[Result "1-0"]
[WhiteElo "1637"]
[BlackElo "1413"]
[PlyCount "71"]

1. d4 Nf6 2. c4 e6 3. Nf3 c6 4. Nc3 d5 5. cxd5 cxd5 6. e3 Nc6 7. Bb5 Bd6 8. Ne5
Qc7 9. Qa4 O-O 10. Bxc6 bxc6 11. Qxc6 Qxc6 12. Nxc6 Bb7 13. Ne5 Ne4 14. Nxe4
dxe4 15. O-O Bd5 16. f3 exf3 17. gxf3 a5 18. Nd7 Rfd8 19. Nb6 Ra7 20. Nxd5 exd5
21. e4 Bb4 22. Rd1 Rc7 23. a3 Be7 24. Bd2 Ra7 25. e5 Ra6 26. Rac1 Rg6+ 27. Kh1
f6 28. Bxa5 Rd7 29. e6 Rb7 30. Rc8+ Bf8 31. Bb4 Rxb4 32. axb4 f5 33. e7 Kf7 34.
exf8=Q+ Ke6 35. Re1+ Kd7 36. Qd8# 1-0

[Event "Tournoi francophone 012 Groupe B"]
[Site "Skype"]
[Date "????.??.??"]
[Round "5.3"]
[White "Trivedi, Viral"]
[Black "Gerbaux, Regis"]
[Result "1-0"]
[WhiteElo "1535"]
[BlackElo "1334"]
[PlyCount "33"]

1. e4 c5 2. c3 e5 3. Nf3 d6 4. Bc4 Nf6 5. Ng5 Be6 6. Bxe6 fxe6 7. d3 Be7 8.
Nxe6 Qd7 9. Qb3 Nc6 10. Nxg7+ Kd8 11. Na3 Qg4 12. Ne6+ Kd7 13. Be3 Qxg2 14.
O-O-O b6 15. Rdg1 Qh3 16. Ng5 Ng4 17. Nxh3 1-0

[Event "Tournoi francophone 012 Groupe B"]
[Site "Skype"]
[Date "????.??.??"]
[Round "5.4"]
[White "Duthoit, Bernard"]
[Black "Thoune, Jim"]
[Result "0-1"]
[WhiteElo "1334"]
[BlackElo "1589"]
[PlyCount "52"]

1. e4 c6 2. d4 d5 3. e5 Bf5 4. Bd3 Bg6 5. Nf3 e6 6. Bg5 Be7 7. Bxe7 Nxe7 8.
Bxg6 hxg6 9. Nbd2 Nd7 10. c4 O-O 11. cxd5 exd5 12. b3 Qe8 13. O-O Nf5 14. Re1
Qe7 15. Nf1 Rae8 16. Ne3 Nh6 17. Nc2 g5 18. Re3 g4 19. Nfe1 Qe6 20. f4 gxf3 21.
Rxf3 c5 22. Rc1 b6 23. Ne3 Rd8 24. h3 cxd4 25. Qxd4 Nxe5 26. Qxe5 Qxe5 0-1

[Event "Tournoi francophone 012 Groupe B"]
[Site "Skype"]
[Date "????.??.??"]
[Round "5.5"]
[White "Sauvaget, Joel"]
[Black "Khabou, Taha"]
[Result "0-1"]
[WhiteElo "1467"]
[BlackElo "1875"]
[PlyCount "46"]

1. d4 e6 2. Bf4 d5 3. e3 c5 4. dxc5 Bxc5 5. c3 Nc6 6. Nf3 Nf6 7. h3 O-O 8. Be2
Re8 9. O-O e5 10. Bg5 h6 11. Bh4 e4 12. Nd4 Nxd4 13. cxd4 Bd6 14. Nc3 Be6 15.
Bb5 Re7 16. Bxf6 gxf6 17. Be2 Kh7 18. Bg4 f5 19. Be2 Qg8 20. f4 Qg3 21. Qd2 f6
22. Rf2 Rg7 23. Bf1 Qxh3 0-1

[Event "Tournoi francophone 012 Groupe B"]
[Site "Skype"]
[Date "????.??.??"]
[Round "6.1"]
[White "Marino, Giuseppe"]
[Black "Khabou, Taha"]
[Result "1/2-1/2"]
[WhiteElo "1465"]
[BlackElo "1875"]
[PlyCount "130"]

1. d4 e6 2. Nf3 d5 3. e3 c5 4. c3 Nf6 5. Bd3 Nc6 6. Nbd2 Bd6 7. O-O e5 8. dxe5
Nxe5 9. Nxe5 Bxe5 10. Nf3 Bc7 11. Re1 O-O 12. h3 a6 13. b3 Re8 14. Bb2 Ne4 15.
Bxe4 dxe4 16. Qxd8 Rxd8 17. Nh2 Rd2 18. Rab1 Bxh2+ 19. Kxh2 Rxf2 20. Rbd1 h6
21. Rb1 Be6 22. c4 Rd8 23. a3 Rdd2 24. Be5 Rxg2+ 25. Kh1 Bxh3 26. Rg1 Rxg1+ 27.
Rxg1 g6 28. b4 cxb4 29. axb4 Rd3 30. Rg3 Bf5 31. Bd4 Rb3 32. b5 axb5 33. cxb5
Rxb5 34. Rg1 Rb3 35. Rc1 Be6 36. Rc7 b5 37. Rb7 Kf8 38. Bc5+ Ke8 39. Rb8+ Kd7
40. Bd4 b4 41. Bc5 Rb1+ 42. Kg2 b3 43. Bd4 h5 44. Bf6 Kc6 45. Rb4 Kc5 46. Rb8
Kc4 47. Kf2 Rd1 48. Rb6 h4 49. Bxh4 Rd2+ 50. Kg3 b2 51. Bf6 Kd3 52. Bxb2 g5 53.
Rd6+ Ke2 54. Rxd2+ Kxd2 55. Bd4 g4 56. Kf2 Kd3 57. Bc5 f6 58. Bd4 f5 59. Bc5
Kc4 60. Bd6 Kd5 61. Bf4 Bd7 62. Kg3 Kc4 63. Kf2 Bc8 64. Bg3 Kd3 65. Bf4 Bb7
1/2-1/2

[Event "Tournoi francophone 012 Groupe B"]
[Site "Skype"]
[Date "????.??.??"]
[Round "6.2"]
[White "Thoune, Jim"]
[Black "Sauvaget, Joel"]
[Result "1/2-1/2"]
[WhiteElo "1589"]
[BlackElo "1467"]
[PlyCount "66"]

1. Nf3 d5 2. c3 Nf6 3. d4 e6 4. Nbd2 Be7 5. e3 Nc6 6. Bd3 Bd7 7. O-O O-O 8. Re1
Re8 9. e4 dxe4 10. Nxe4 Nxe4 11. Bxe4 g6 12. Bh6 Bf8 13. Qd2 Bg7 14. Rad1 Qe7
15. d5 Nd8 16. c4 Qf8 17. Bxg7 Qxg7 18. dxe6 Bxe6 19. Bd5 c6 20. Bxe6 Nxe6 21.
Qb4 b6 22. b3 c5 23. Qb5 Red8 24. Rd7 Rxd7 25. Qxd7 Qf6 26. Qb7 Qd8 27. Ne5 Qf8
28. Nxf7 Ng7 29. Nh6+ Kh8 30. Qd5 Re8 31. Rd1 Ne6 32. Qe5+ Ng7 33. Qb2 Qe7
1/2-1/2

[Event "Tournoi francophone 012 Groupe B"]
[Site "Skype"]
[Date "????.??.??"]
[Round "6.3"]
[White "Gerbaux, Regis"]
[Black "Duthoit, Bernard"]
[Result "0-1"]
[WhiteElo "1334"]
[BlackElo "1334"]
[PlyCount "58"]

1. Nf3 e6 2. d4 d5 3. Bf4 c5 4. c3 Nc6 5. e3 a6 6. a4 Nf6 7. Nbd2 c4 8. Qc2 Bd7
9. Ne5 Be7 10. Be2 b5 11. Nxd7 Nxd7 12. b3 b4 13. bxc4 bxc3 14. Qxc3 Bb4 15.
Qc2 Rc8 16. O-O Bxd2 17. Qxd2 dxc4 18. Rac1 Na5 19. Rc3 Nb6 20. Qa2 O-O 21. Qa3
Nd5 22. Bd6 Nxc3 23. Bxf8 Nxe2+ 24. Kh1 Qxf8 25. Qb2 Nxd4 26. Qxd4 Nb3 27. Qc3
Qd6 28. Rd1 Qxd1+ 29. Qe1 Qxe1# 0-1

[Event "Tournoi francophone 012 Groupe B"]
[Site "Skype"]
[Date "????.??.??"]
[Round "6.4"]
[White "L'Herbon De Lussats, Jean"]
[Black "Trivedi, Viral"]
[Result "0-1"]
[WhiteElo "1413"]
[BlackElo "1535"]
[PlyCount "70"]

1. e4 e6 2. d4 d5 3. e5 c5 4. c3 Nc6 5. Nf3 Bd7 6. Nbd2 Nh6 7. Nb3 Nf5 8. Be2
Qb6 9. O-O cxd4 10. cxd4 Rc8 11. g4 Nh6 12. h3 Nb4 13. a3 Nc2 14. Bxh6 Nxa1 15.
Nc5 gxh6 16. Nxd7 Kxd7 17. Qxa1 Rc2 18. Bd3 Rxb2 19. Rb1 Rxb1+ 20. Bxb1 Qb3 21.
Kg2 Qxa3 22. Ba2 Rg8 23. Qb1 Qb4 24. Bb3 a5 25. Qc2 Rg7 26. Ba4+ Kd8 27. Qd1 h5
28. Ne1 Be7 29. Nd3 Qxd4 30. f3 hxg4 31. hxg4 h5 32. Kg3 hxg4 33. fxg4 Qe3+ 34.
Qf3 Qg1+ 35. Kh3 Rh7# 0-1

[Event "Tournoi francophone 012 Groupe B"]
[Site "Skype"]
[Date "????.??.??"]
[Round "6.5"]
[White "Harmelle, Dominique"]
[Black "Guillaume, Mickael"]
[Result "1-0"]
[WhiteElo "1507"]
[BlackElo "1637"]
[PlyCount "27"]

1. d4 e6 2. Bf4 Nf6 3. e3 Nc6 4. c3 a6 5. Nd2 d6 6. Ngf3 Be7 7. Bd3 O-O 8. Qc2
Qd7 9. e4 Nh5 10. Bg3 f5 11. exf5 exf5 12. O-O-O Qe6 13. d5 Qxd5 14. Bc4 1-0

[Event "Tournoi francophone 012 Groupe B"]
[Site "Skype"]
[Date "????.??.??"]
[Round "7.1"]
[White "Guillaume, Mickael"]
[Black "Marino, Giuseppe"]
[Result "1/2-1/2"]
[WhiteElo "1637"]
[BlackElo "1465"]
[PlyCount "51"]

1. e4 b6 2. d4 Bb7 3. Bd3 d6 4. Nf3 g6 5. O-O Bg7 6. Nc3 a6 7. Bg5 h6 8. Bf4 e6
9. e5 d5 10. Re1 Ne7 11. Qd2 Nd7 12. Be3 c5 13. b3 cxd4 14. Bxd4 O-O 15. Rac1
Rc8 16. Ne2 Nc6 17. Be3 Kh7 18. Bxh6 Bxh6 19. Nf4 Qc7 20. c4 Ndxe5 21. Nxe5
Nxe5 22. cxd5 Qd6 23. Rxc8 Rxc8 24. dxe6 Nxd3 25. Qxd3 Bxf4 26. Qxd6 1/2-1/2

[Event "Tournoi francophone 012 Groupe B"]
[Site "Skype"]
[Date "????.??.??"]
[Round "7.2"]
[White "Trivedi, Viral"]
[Black "Harmelle, Dominique"]
[Result "1/2-1/2"]
[WhiteElo "1535"]
[BlackElo "1507"]
[PlyCount "83"]

1. d4 d5 2. Bf4 Nf6 3. e3 c5 4. c3 Nc6 5. Bd3 Bg4 6. Qb3 Qb6 7. Qxb6 axb6 8.
Nd2 e6 9. Bc7 c4 10. Bc2 b5 11. Ngf3 Be7 12. a4 b4 13. cxb4 Bxb4 14. O-O O-O
15. h3 Bh5 16. Bd1 Rfc8 17. Bg3 b5 18. Ne5 Bxd1 19. Rfxd1 Bxd2 20. Rxd2 Nxe5
21. Bxe5 Ne4 22. Rdd1 Rxa4 23. Rxa4 bxa4 24. f3 Nf6 25. Ra1 Ra8 26. Kf2 Nd7 27.
Bd6 f6 28. e4 Nb6 29. Bc5 Nd7 30. Bd6 Kf7 31. exd5 exd5 32. Ke3 Ke6 33. Bb4 g5
34. g4 f5 35. gxf5+ Kxf5 36. Kd2 Kf4 37. Ke2 h5 38. Kf2 Kf5 39. Rg1 Rg8 40. Ra1
Ra8 41. Rg1 Nf6 42. Re1 1/2-1/2

[Event "Tournoi francophone 012 Groupe B"]
[Site "Skype"]
[Date "????.??.??"]
[Round "7.3"]
[White "Duthoit, Bernard"]
[Black "L'Herbon De Lussats, Jean"]
[Result "0-1"]
[WhiteElo "1334"]
[BlackElo "1413"]
[PlyCount "70"]

1. e4 c6 2. d4 d5 3. e5 e6 4. Nf3 c5 5. c3 Nc6 6. Bb5 Qb6 7. Qb3 cxd4 8. cxd4
Bd7 9. Bxc6 Qxc6 10. O-O Ne7 11. Nc3 b5 12. a4 b4 13. Qxb4 Nc8 14. Be3 Bxb4 15.
Rac1 Qa6 16. b3 Rb8 17. Rc2 O-O 18. Rfc1 Ne7 19. Na2 Ba5 20. Bd2 Rxb3 21. Bxa5
Qxa5 22. Rc7 Rd8 23. Rxd7 Rxd7 24. Rc8+ Nxc8 25. h3 Qxa4 26. Nd2 Rb2 27. Nc3
Qa1+ 28. Ndb1 Rc2 29. Kh2 Rxf2 30. Kg3 Rf1 31. Kh2 Qb2 32. h4 Ne7 33. h5 Nf5
34. Kh3 Qf2 35. Kh2 Qg3# 0-1

[Event "Tournoi francophone 012 Groupe B"]
[Site "Skype"]
[Date "????.??.??"]
[Round "7.4"]
[White "Sauvaget, Joel"]
[Black "Gerbaux, Regis"]
[Result "1-0"]
[WhiteElo "1467"]
[BlackElo "1334"]
[PlyCount "41"]

1. d4 Nf6 2. c4 g6 3. Nf3 Bg7 4. Nc3 d5 5. e3 Nbd7 6. cxd5 c6 7. dxc6 bxc6 8.
Bc4 Nb6 9. Bb3 O-O 10. O-O Qc7 11. Re1 Bg4 12. h3 Bf5 13. e4 Be6 14. e5 Nfd7
15. Bg5 Rfe8 16. Bxe6 fxe6 17. Qb3 Nf8 18. Rac1 Rab8 19. Qd1 Rbd8 20. Ne2 c5
21. Rxc5 1-0